Introduction to computers. / (Record no. 7482)
[ view plain ]
| 000 -LEADER | |
|---|---|
| fixed length control field | 01395nam a22001817a 4500 |
| 008 - FIXED-LENGTH DATA ELEMENTS--GENERAL INFORMATION | |
| fixed length control field | 120716t xxu||||| |||| 00| 0 eng d |
| 020 ## - INTERNATIONAL STANDARD BOOK NUMBER | |
| International Standard Book Number | 9789988197698 |
| 050 ## - LIBRARY OF CONGRESS CALL NUMBER | |
| Classification number | QA76.5.I61 |
| 110 ## - MAIN ENTRY--CORPORATE NAME | |
| Corporate name or jurisdiction name as entry element | Computer Science Department, KNUST |
| 245 ## - TITLE STATEMENT | |
| Title | Introduction to computers. / |
| Statement of responsibility, etc. | Computer Science Department, KNUST |
| 260 ## - PUBLICATION, DISTRIBUTION, ETC. | |
| Place of publication, distribution, etc. | Accra: |
| Name of publisher, distributor, etc. | Design Affairs Ltd., |
| Date of publication, distribution, etc. | 2015. |
| 300 ## - PHYSICAL DESCRIPTION | |
| Extent | ??vi, 138 p.: |
| Other physical details | ill.; |
| Dimensions | 25cm. |
| 500 ## - GENERAL NOTE | |
| General note | Includes index. |
| 505 ## - FORMATTED CONTENTS NOTE | |
| Formatted contents note | ???Contents: Our technological society: The Multipurpose tool -- Software brings the machine to life operating systems -- Looking inside the machine -- The Shapes of computers today -- Ergonomics -- How computers work: Transforming data into information -- How a computer processes data -- Factors affecting processing speed -- Interacting with the computer -- The Keyboard -- The Mouse and other input devices -- The Monitor -- Printers -- Storing information in a computer -- Magnetic -- Optical storage devices -- Organizing and protecting stored data -- Using microcomputer software: What is an operating system -- Popular personal computer operating systems -- Using a word processor -- Advanced word-processor features -- Spreadsheets -- Creating a worksheet -- Extending the spreadsheet -- How DBMSs are used -- Database basics -- Interacting with the database. |
| 650 ## - SUBJECT ADDED ENTRY--TOPICAL TERM | |
| Topical term or geographic name entry element | Computers. |
| 650 ## - SUBJECT ADDED ENTRY--TOPICAL TERM | |
| Topical term or geographic name entry element | Computer software |
| 942 ## - ADDED ENTRY ELEMENTS (KOHA) | |
| Source of classification or shelving scheme | Library of Congress Classification |
| Koha item type | Books |
| Withdrawn status | Lost status | Source of classification or shelving scheme | Damaged status | Not for loan | Home library | Current library | Shelving location | Date acquired | Source of acquisition | Full call number | Barcode | Date last seen | Price effective from | Koha item type |
|---|---|---|---|---|---|---|---|---|---|---|---|---|---|---|
| Library of Congress Classification | WISCONSIN INTERNATIONAL UNIVERSITY COLLEGE, GHANA KUMASI LIBRARY | WISCONSIN INTERNATIONAL UNIVERSITY COLLEGE, GHANA KUMASI LIBRARY | General Stacks | 15/11/2019 | STM | QA76.5.I61 | K/2433/2433/19 | 13/07/2020 | 13/07/2020 | Books |
